| 000 | 00779 a2200181 4500 | ||
|---|---|---|---|
| 020 | _a0387219153 | ||
| 040 |
_aDLC _bDLC |
||
| 082 | 0 | 0 | _a612.3822 |
| 245 | 1 | 0 |
_aAuditory signal processing: physiology, psychoacoustics, and models _bphysiology, psychoacoustics, and models _cDaniel Pressnitzer ... [et al.], editors |
| 260 |
_aNew York, NY, USA : _bSpringer, _cc2005. |
||
| 300 |
_axiv, 524 p. : _bill. ; _c25 cm. |
||
| 500 | _a"This book contains the papers that were presented at the XIIIth International Symposium on Hearing (ISH), which was held in Dourdan, France, between August 24 and 29, 2003"--Foreword. | ||
| 650 | 0 | _aAuditory pathways | |
| 650 | 0 | _aAuditory perception | |
| 650 | 0 | _aSignal processing | |
| 700 | 1 | _aPressnitzer, Daniel. | |
| 942 |
_cBK _k621.3822 PRE _2ddc |
||
| 999 |
_c8272 _d8272 |
||